000 00854cab a22002415a 4500
001 L159889
008 150113e2017 xxk 000 0 eng d
035 _a(Sirsi) u159889
041 0 _aeng
050 _218
100 1 _aTyler, Natasha
245 0 0 _aCaring for the client
_h[electronic resource]
260 _aLondon
_bRICS
_c2017
490 _aRICS Building Surveying Journal
_vDecember 2017 - January 2018, 24-25(2)
520 _aNatasha Tyler describes her professional life since she won the 2016 RICS Young Building Surveyor of the Year award.
650 2 4 _aCAREER
650 2 4 _aABOUT RICS-RICS MEMBERS
651 4 _aUnited Kingdom
_y
690 _aBuilding surveying
_96225
856 4 0 _uhttps://issuu.com/ricsmodus/docs/building_surveying_journal_december_cfa9ea648afe6a
_yAvailable free online via Issuu
856 4 0 _u
_z
942 _n0
999 _c85045
_d85045